Métodos de análisis regional (Registro nro. 6172)

Detalles MARC
000 -LEADER
fixed length control field 01459 a2200277 4500
001 - CONTROL NUMBER
control field 57280
005 - DATE AND TIME OF LATEST TRANSACTION
control field 20260407155835.0
008 - FIXED-LENGTH DATA ELEMENTS--GENERAL INFORMATION
fixed length control field 260407a1971 arg spa d
003 - CONTROL NUMBER IDENTIFIER
control field AR-UNSa-BCEJYS
040 ## - CATALOGING SOURCE
Original cataloging agency AR-UNSa-BCEJYS
Language of cataloging spa
Transcribing agency AR-UNSa-BCEJYS
080 ## - UNIVERSAL DECIMAL CLASSIFICATION NUMBER
Universal Decimal Classification number 332.1
Common auxiliary subdivision Economía regional. Economía territorial
041 ## - LANGUAGE CODE
Language code of text/sound track or separate title spa
100 1# - MAIN ENTRY--PERSONAL NAME
Personal name Isard, Walter
245 10 - TITLE STATEMENT
Title Métodos de análisis regional
Name of part/section of a work una introducción a la ciencia regional
264 #1 - PRODUCTION, PUBLICATION, DISTRIBUTION, MANUFACTURE, AND COPYRIGHT NOTICE
Place of production, publication, distribution, manufacture Barcelona :
Name of producer, publisher, distributor, manufacturer Ediciones Ariel
Date of production, publication, distribution, manufacture, or copyright notice 1971
300 ## - PHYSICAL DESCRIPTION
Extent lii, 815 p.
Dimensions 23 cm.
505 ## - FORMATTED CONTENTS NOTE
Formatted contents note 1. Planeamiento – 2. Proyección de población – 3. Estimación migratoria – 4. Contabilidad social y estimación de la renta regional – 5. Principios sobre el análisis de los flujos interregionales y de la balanza de pagos – 6. Análisis del ciclo regional y del multiplicador – 7. Análisis de la localización industrial y medidas afines – 8. Técnicas input-output regionales e interregionales – 9. Análisis de complejos industriales – 10. Programación lineal interregional – 11. Modelos de interacción gravítales, potenciales y especiales – 12. Los canales de síntesis – 13. Recapitulación y perspectivas
590 ## - LOCAL NOTE (RLIN)
Local note niveau_biblio:m niveau_hierar:0
700 1# - ADDED ENTRY--PERSONAL NAME
Personal name Bramhall, David F.
700 1# - ADDED ENTRY--PERSONAL NAME
Personal name Carrothers, Gerald A.P.
700 1# - ADDED ENTRY--PERSONAL NAME
Personal name Cumberland, John H.
700 1# - ADDED ENTRY--PERSONAL NAME
Personal name Moses, Leon N.
700 1# - ADDED ENTRY--PERSONAL NAME
Personal name Price, Daniel O.
700 1# - ADDED ENTRY--PERSONAL NAME
Personal name Schooler, Eugene W.
942 ## - ADDED ENTRY ELEMENTS (KOHA)
Koha item type
Existencias
Withdrawn status Lost status Damaged status Not for loan Home library Current library Shelving location Date acquired Total checkouts Full call number Barcode Date last seen Price effective from Koha item type
        Biblioteca Prof. Eusebio Cleto del Rey Biblioteca Prof. Eusebio Cleto del Rey   07/04/2026   332.1 I76 L23249 07/04/2026 07/04/2026 Libro